00883nam a22001817a 4500003000900000008004100009040007100050082002400121100003600145245010800181260004300289300005400332505021000386650002900596650001300625650001100638710005200649AR-CdUCM190427b ||||| |||| 00| 0 spa d aMUNICIPALIDAD PROVINCIAL DEL CUSCOcBIBLIOTECA MUNICIPAL DEL CUSCO a376.4 /bG17 / 1919 aGamarra Hernández, Aurelio M. aDatos Históricos :bacerca de los establecimientos de segunda enseñanza que actualmente funcionan / aPerú :bImpr. Torres Aguirre,c1919. a720 páginas ;bretrato, fotografías,c23.5 cm aContenido: Resumen histórico de la instrucción pública en el Perú -- Colegios Nacionales -- Seminarios Diocesanos -- Colegios particulares por orden de antigüedad dentro de su clasificación ... aInstituciones Educativas aHistoria aPerú aDirección General de Instrucción Pública.